Sexuality and homosexuality (Record no. 124809)
[ view plain ]
| 000 -LEADER | |
|---|---|
| fixed length control field | 00372nam a22001217a 4500 |
| 008 - FIXED-LENGTH DATA ELEMENTS--GENERAL INFORMATION | |
| fixed length control field | 160726b xxu||||| |||| 00| 0 eng d |
| 050 ## - LIBRARY OF CONGRESS CALL NUMBER | |
| Classification number | BF1729.H66 1971 |
| 100 ## - MAIN ENTRY--PERSONAL NAME | |
| Personal name | Karlen, Arno |
| 9 (RLIN) | 24451 |
| 245 ## - TITLE STATEMENT | |
| Title | Sexuality and homosexuality |
| Remainder of title | : a new view |
| Statement of responsibility, etc | / Arno Karlen |
| 260 ## - PUBLICATION, DISTRIBUTION, ETC. (IMPRINT) | |
| Place of publication, distribution, etc | New York |
| Name of publisher, distributor, etc | W.W. Norton & Company |
| Date of publication, distribution, etc | 1971 |
| 300 ## - PHYSICAL DESCRIPTION | |
| Extent | xx, 666p. ; |
| Dimensions | 20cm. |
| 942 ## - ADDED ENTRY ELEMENTS (KOHA) | |
| Source of classification or shelving scheme | Library of Congress Classification |
| Item type | Monograph ( Printed materials) |
| Withdrawn status | Lost status | Source of classification or shelving scheme | Damaged status | Not for loan | Home library | Current library | Date acquired | Total Checkouts | Full call number | Barcode | Date last seen | Price effective from | Koha item type |
|---|---|---|---|---|---|---|---|---|---|---|---|---|---|
| Library of Congress Classification | ARRUPE LIBRARY | ARRUPE LIBRARY | 26/07/2016 | BF1729.H66 1971 | 46500009509 | 12/09/2016 | 26/07/2016 | Monograph ( Printed materials) |